[Event "Skopje op-B"]
[Site "Skopje"]
[Date "2023.12.09"]
[Round "5"]
[White "Bernardo Sanz, Alberto"]
[Black "Saraci, Ndriqona"]
[Result "1-0"]
[WhiteElo "1836"]
[BlackElo "1401"]
[PlyCount "143"]
[EventDate "2023.12.06"]
[EventType "swiss"]
[EventRounds "9"]
[EventCountry "MKD"]
[SourceTitle "CB51_2023"]
[SourceDate "2023.12.20"]
[SourceVersion "1"]
[SourceVersionDate "2023.12.20"]
[SourceQuality "1"]

1. c4 c5 2. g3 Nf6 3. Bg2 e6 4. Nc3 Be7 5. Nf3 Nc6 6. 0-0 0-0 7. d3 d6 8. a3 Bd7 9. Rb1 a5 10. Nb5 Na7 11. a4 Nxb5 12. axb5 b6 13. b3 e5 14. Bg5 Qc8 15. Bxf6 Bxf6 16. Nd2 Ra7 17. Ne4 Be7 18. Nc3 Bh3 19. Nd5 Bd8 20. Bxh3 Qxh3 21. e3 f5 22. f4 Qh6 23. Rb2 Qg6 24. Rg2 h5 25. Qf3 Qg4 26. e4 Raf7 27. Qxg4 fxg4 28. Rgf2 g6 29. Kg2 Kg7 30. h3 gxh3+ 31. Kxh3 Kh7 32. Kg2 Kg7 33. Rh1 Rh8 34. Rff1 Rhf8 35. f5 gxf5 36. Rxh5 fxe4 37. Rxf7+ Rxf7 38. dxe4 Ra7 39. Rh1 Rb7 40. Rf1 Ra7 41. Kh3 a4 42. Ra1 a3 43. Ra2 Kg6 44. Kg4 Ra8 45. Nc3 Bg5 46. Na4 Bc1 47. Ra1 Bb2 48. Nxb2 axb2 49. Rb1 Ra2 50. Kh4 Ra1 51. Rxb2 Re1 52. Kg4 Rxe4+ 53. Kf3 Re1 54. Rd2 Rf1+ 55. Ke4 Rf6 56. Kd5 Kg5 57. Kc6 Kg4 58. Kxb6 Kxg3 59. Kc7 e4 60. b6 e3 61. Rd3 Kf2 62. b7 e2 63. Rd2 Kf1 64. Rxe2 Kxe2 65. b8Q Kd3 66. Qd8 Rf7+ 67. Kxd6 Kc3 68. Kxc5 Kxb3 69. Kb5 Rb7+ 70. Kc6 Rb4 71. c5 Ka4 72. Qd1+ 1-0

[Event "ESP-ch U14"]
[Site "Granada"]
[Date "2016.07.11"]
[Round "2"]
[White "Bernardo Sanz, Alberto"]
[Black "Cubas Cabrera, Angel Luis"]
[Result "0-1"]
[WhiteElo "1713"]
[BlackElo "1926"]
[PlyCount "58"]
[EventDate "2016.07.11"]
[EventType "swiss"]
[EventRounds "9"]
[EventCountry "ESP"]
[SourceTitle "EXT 2024"]
[Source "ChessBase"]
[SourceDate "2023.10.10"]
[SourceVersion "1"]
[SourceVersionDate "2023.10.10"]
[SourceQuality "1"]

1. c4 Nf6 2. d4 g6 3. Nc3 Bg7 4. e4 d6 5. Nf3 0-0 6. Bd3 Na6 7. a3 e5 8. d5 Nh5 9. 0-0 Qe8 10. Ne1 f5 11. f3 f4 12. b4 Bf6 13. Na4 Bh4 14. c5 Qe7 15. Bxa6 bxa6 16. Nd3 Bd7 17. c6 Bc8 18. Nc3 Kh8 19. Bd2 Rg8 20. Be1 g5 21. Bxh4 gxh4 22. Rf2 h3 23. Raa2 hxg2 24. Ne1 Rg7 25. Rxg2 Bh3 26. Rxg7 Qxg7+ 27. Kf2 Rg8 28. Qa4 Qg1+ 29. Ke2 Qe3+ 0-1